01601nam a2200349Ia 450000500170000000800410001702000150005808200170007310000370009024500840012725000190021130000310023049000160026150000350027760000760031265000290038865000330041765000290045065000320047970000420051194200120055326400270056533600270059233700330061933800280065204000350068099900150071595201290073095201320085995201280099195201320111920220317000519.0160601s2005 ck a g 000 0 spa  a958042590604a320.1 bM16p1 aMaquiavelo, Nicolásd1469-152713aEl príncipe cNicolás Maquivelo ; traducción y notas de Lelio Fernández a1a. edición  a123, 114 páginas c20 cm aCara y cruz aIncluye cronología del autor14aMaquiavelo, Nicolás d1469-1527 xCrítica e interpretación946965142LEMBaCiencia política142LEMBaFilosofía política142LEMBaÉtica política142LEMBaFilosofía y estado  aFernández, Lelio etraductor946966 2ddccBK aBogotá bNormac2005 atextobtxt2rdacontent asin mediaciónbn2rdamedia avolumenbnc2rdacarrier aCO-BoRNBPbspaerdacCO-BoRNBP c4258d4258 00102ddc40708GENaMEPRICObMEPRICOcGENd2023-01-25l0o320.1M16ppPR00000344r2023-01-25 00:00:00tEj.1w2023-01-25yBK 00102ddc40708GENaMEMAPIRIbMEMAPIRIcGENd2023-06-07l0o320.1 M16ppMAP0000256r2023-06-07 00:00:00tEj.1w2023-06-07yBK 00102ddc40708GENaMEURIBEbMEURIBEcGENd2024-07-16l0o320.1 M16ppURI00298r2024-07-16 11:47:19tEj.1w2024-07-16yBK 00102lcc40708GENaMEPCONCObMEPCONCOcGENd2026-02-04l0o320.1 M16ppPCON00617r2026-02-04 15:42:01tEj.1w2026-02-04yBK